| 000 | 00765cab a2200217 4500 | ||
|---|---|---|---|
| 001 | WB2718-25 | ||
| 008 | 090401t1991 xxu||||| |||| 00| 0 eng d | ||
| 035 | _a(Sirsi) u69866 | ||
| 041 | _aeng | ||
| 245 | _aDebate over minerals extraction | ||
| 260 | _c1991 | ||
| 350 | _a0 | ||
| 490 |
_aFinancial Times _v7/5/91 p8 |
||
| 490 |
_aIndependent _v8/5/91 p21 |
||
| 490 |
_aPlanning (for the Natural and Built Environment) _vno 916 3/5/91 p1(3) |
||
| 520 | _aWith the publication of DoE forecasts of the demand for aggregates , conservationists have criticised the projected extent of sand and gravel extraction in the CPRE report "Determined to Dig". | ||
| 650 | _aGROUNDWORK ASSOCIATES | ||
| 690 | _aMINING AND MINERALS | ||
| 942 | _n0 | ||
| 948 | _c04/03/1997 | ||
| 999 |
_c43928 _d43928 |
||